Cent anys de premsa a Ripoll : 1881-1980 / per M. Mercè Palomera i Costa 1881-1980 / per M. Mercè Palomera i Costa
Publicado:
Barcelona :
Departament de Cultura i Mitjans de Comunicació, Generalitat de Catalunya ,
1982
Descripción Física:
222 p., 3 f. pleg. : il. ; 18 cm
Materias:
Premsa -- Ripoll -- 1881/1980
MARC
| LEADER | 00000nam a2200000Ia 4500 | ||
|---|---|---|---|
| 001 | 1410 | ||
| 008 | 160829s1982 xx 000 0 cat d | ||
| 080 | |a O-1-80 | ||
| 100 | |a Palomera i Costa, M. Mercè |9 20486 | ||
| 245 | |a Cent anys de premsa a Ripoll : |b 1881-1980 / per M. Mercè Palomera i Costa | ||
| 260 | |a Barcelona : |b Departament de Cultura i Mitjans de Comunicació, Generalitat de Catalunya, |c 1982 | ||
| 300 | |a 222 p., 3 f. pleg. : |b il. ; |c 18 cm | ||
| 590 | |a A la part superior de la portada, Direcció General del Patrimoni Cultural. Servei de Biblioteques i del Patrimoni Bibliogràfic. | ||
| 590 | |a Bibliografia. | ||
| 590 | |a Índexs | ||
| 650 | |a Premsa |x Ripoll |x 1881/1980 |9 20487 | ||
| 700 | |a Catalunya. Servei de Biblioteques i del Patrimoni Bibliogràfic |9 20489 | ||
| 710 | 1 | |a Catalunya. |b Departament de Cultura i Mitjans de Comunicació |9 55890 | |
| 901 | |a Arxiu | ||
| 942 | |n 1 | ||
| 952 | |0 0 |1 0 |4 0 |6 O180 |7 1 |9 41558 |a Arxiu |b Arxiu |d 2016-12-01 |l 0 |o O-1-80 |p 1410 |r 2016-12-01 00:00:00 |w 2016-12-01 |y ARXIU | ||
| 999 | |c 43448 |d 43448 | ||